000 01237nam0a2200325 4500
001 RU\NLR\b_ik\147130
005 20250616225857.0
010 _a5-86547-386-7
_93000
035 _a(NLR Aleph) 002220261
090 _a3288802
_c3288802
100 _a20060601d2006 |||y0rusy50 ca
101 0 _aeng
_arus
102 _aRU
105 _ay |||||||||
200 1 _aLet's improve our Russian!
_eadvanced grammar topics for English speaking students
_estep one
_fN. Volkova, D. Phillips
205 _a2nd rev. ed.
210 _aSt. Petersburg
_cZlatoust
_d2006
215 _a216 с.
_d28
300 _aНа обороте тит. л.: Улучшим наш русский! / Наталия Волкова, Делберт Д. Филлипс
320 _aБиблиогр.: с. 201
517 0 _aУлучшим наш русский!
541 0 _aДавайте улучшим наш русский
_zrus
606 1 _aРусский язык
_jУчебные издания для иностранцев
_91533567
_3RU\NLR\AUTH\66969347
686 4 _aШ141.12-93англ
700 1 _aVolkova
_bN.
_gNatalija
_4070
701 1 _aPhillips
_bD.
_4070
801 0 _aRU
_bNLR
_c20060601
_gPSBO
942 _cBOOK
980 _aNB